TEXTBOOK OF ADVANCED NURSING PRATICE (Record no. 97429)

MARC details
000 -LEADER
fixed length control field 00247 a2200097 4500
020 ## - INTERNATIONAL STANDARD BOOK NUMBER
International Standard Book Number 9789386006417
100 ## - MAIN ENTRY--PERSONAL NAME
Personal name SHEBEER BASHEER
9 (RLIN) 119061
245 ## - TITLE STATEMENT
Title TEXTBOOK OF ADVANCED NURSING PRATICE
250 ## - EDITION STATEMENT
Edition statement 2ND
260 ## - PUBLICATION, DISTRIBUTION, ETC. (IMPRINT)
Name of publisher, distributor, etc. EMMESS MEDICAL PUBLISHERS
Date of publication, distribution, etc. 2022

No items available.